Cathay : A journey in search of old china
| Main Author: | |
|---|---|
| Format: | Book |
| Published: |
New York :
Prentice Hall Press ,
1991
|
| Subjects: |
MARC
| LEADER | 00000cam a2200000 7i4500 | ||
|---|---|---|---|
| 001 | 0000085306 | ||
| 005 | 20200708.0 | ||
| 008 | 200708 | ||
| 020 | |a 0132021366 | ||
| 020 | |a 9780132021364 | ||
| 090 | 0 | 0 | |a 915.1045 |b BOR |
| 100 | 1 | |a Bordewich, Fergus M. | |
| 245 | 1 | 0 | |a Cathay : |b A journey in search of old china |c Fergus M. Bordewich |
| 260 | |a New York : |b Prentice Hall Press , |c 1991 | ||
| 650 | 0 | |a China |x Description and travel | |
| 999 | |a 0000794385 |b Book |c Adult Collection |e Cawangan Segamat | ||